[Event "EJCOA Forest Hall IM 1st"]
[Site "Newcastle"]
[Date "2021.10.25"]
[Round "1.1"]
[White "Willow, Jonah B"]
[Black "Eggleston, Thomas A"]
[Result "1-0"]
[WhiteElo "2353"]
[BlackElo "2175"]
[PlyCount "85"]
[EventDate "2021.10.25"]
[EventType "tourn"]
[EventRounds "9"]
[EventCountry "ENG"]
[SourceTitle "BritBase"]
[Source "John Saunders"]
[SourceDate "2021.10.30"]
[SourceVersion "1"]
[SourceVersionDate "2021.10.30"]
[SourceQuality "1"]

1. e4 e6 2. d4 d5 3. Nd2 c5 4. Ngf3 cxd4 5. exd5 Qxd5 6. Bc4 Qd6 7. Ne4 Qb4+ 8.
Nfd2 Nf6 9. c3 dxc3 10. bxc3 Qa5 11. Nxf6+ gxf6 12. O-O Be7 13. Rb1 Qc7 14. Qh5
Nc6 15. Ne4 Ne5 16. Bb3 Bd7 17. Bf4 O-O-O 18. Rfe1 Bc6 19. Bxe5 Qxe5 20. Qxf7
Bxe4 21. Qxe6+ Qxe6 22. Bxe6+ Kc7 23. Rxe4 b6 24. Re2 Bc5 25. Bf5 Rd5 26. Bc2
h6 27. Rbe1 Rhd8 28. g3 Bd6 29. Be4 Rc5 30. Rc2 Re8 31. Ree2 Rd8 32. f4 a5 33.
c4 Re8 34. a4 Kb8 35. Bd5 Rec8 36. Rb2 Kc7 37. Re6 Rf8 38. Kg2 h5 39. Kh3 f5
40. Rh6 h4 41. Rh7+ Kd8 42. Rxb6 Bc7 43. Ra6 1-0

[Event "EJCOA Forest Hall IM 1st"]
[Site "Newcastle"]
[Date "2021.10.25"]
[Round "1.2"]
[White "Jones, Steven A"]
[Black "McKay, Roderick M"]
[Result "1/2-1/2"]
[WhiteElo "2231"]
[BlackElo "2243"]
[PlyCount "73"]
[EventDate "2021.10.25"]
[EventType "tourn"]
[EventRounds "9"]
[EventCountry "ENG"]
[SourceTitle "BritBase"]
[Source "John Saunders"]
[SourceDate "2021.10.30"]
[SourceVersion "1"]
[SourceVersionDate "2021.10.30"]
[SourceQuality "1"]

1. e4 c5 2. Nf3 e6 3. d4 cxd4 4. Nxd4 Nf6 5. Nc3 Nc6 6. Nxc6 bxc6 7. e5 Nd5 8.
Ne4 f5 9. exf6 Nxf6 10. Nd6+ Bxd6 11. Qxd6 Qb6 12. Bd3 c5 13. Bf4 Bb7 14. O-O
Rc8 15. c4 Be4 16. Bxe4 Qxd6 17. Bxd6 Nxe4 18. Be5 Kf7 19. Rfd1 Rhd8 20. f3 Nf6
21. Rd6 Ne8 22. Ra6 Ra8 23. Rd1 d6 24. Bg3 Rd7 25. b4 cxb4 26. c5 Rb8 27. cxd6
Rb5 28. Bf2 Nf6 29. Bxa7 e5 30. Re1 Ke6 31. f4 e4 32. Bd4 Kf5 33. h3 Kxf4 34.
Rf1+ Kg5 35. Be3+ Kg6 36. Rb1 Nd5 37. Rb3 1/2-1/2

[Event "EJCOA Forest Hall IM 1st"]
[Site "Newcastle"]
[Date "2021.10.25"]
[Round "1.3"]
[White "Fitzsimons, David"]
[Black "Basman, Michael J"]
[Result "1-0"]
[WhiteElo "2334"]
[BlackElo "2273"]
[PlyCount "59"]
[EventDate "2021.10.25"]
[EventType "tourn"]
[EventRounds "9"]
[EventCountry "ENG"]
[SourceTitle "BritBase"]
[Source "John Saunders"]
[SourceDate "2021.10.30"]
[SourceVersion "1"]
[SourceVersionDate "2021.10.30"]
[SourceQuality "1"]

1. e4 c5 2. Nf3 e6 3. g3 g5 4. h3 h6 5. d4 cxd4 6. Nxd4 Bc5 7. Nb3 Bb6 8. Bg2
Nc6 9. Nc3 Qf6 10. Qe2 Nge7 11. Be3 Bc7 12. O-O-O Be5 13. Nb5 Ng6 14. Bc5 b6
15. Bd6 Bxd6 16. Nxd6+ Kf8 17. Rhf1 a5 18. f4 Ba6 19. c4 gxf4 20. Kb1 a4 21.
Nc1 Nd4 22. e5 Nxe2 23. exf6 Nxc1 24. Bxa8 Ne2 25. gxf4 Nexf4 26. Rf3 e5 27.
Ra3 Ne6 28. Rxa4 Nc5 29. Rb4 Kg8 30. Bd5 1-0

[Event "EJCOA Forest Hall IM 1st"]
[Site "Newcastle"]
[Date "2021.10.25"]
[Round "1.4"]
[White "Kanyamarala, Tarun"]
[Black "Sedykh, Mikhail"]
[Result "1-0"]
[WhiteElo "2309"]
[BlackElo "2120"]
[PlyCount "101"]
[EventDate "2021.10.25"]
[EventType "tourn"]
[EventRounds "9"]
[EventCountry "ENG"]
[SourceTitle "BritBase"]
[Source "John Saunders"]
[SourceDate "2021.10.30"]
[SourceVersion "1"]
[SourceVersionDate "2021.10.30"]
[SourceQuality "1"]

1. Nf3 d5 2. g3 Nf6 3. Bg2 c5 4. O-O Nc6 5. c4 d4 6. d3 e5 7. e3 Bd6 8. exd4
cxd4 9. Re1 O-O 10. c5 Bxc5 11. Nxe5 Nxe5 12. Rxe5 Qc7 13. Re1 Bg4 14. Qb3 Rfe8
15. Rxe8+ Rxe8 16. Bd2 Qe7 17. Na3 Bxa3 18. bxa3 Qe2 19. Bb4 b6 20. Bc6 Be6 21.
Qa4 Rc8 22. Be7 Bd5 23. Bxd5 Nxd5 24. Bg5 h6 25. Qxd4 Nc3 26. Qd7 Re8 27. Be3
Kf8 28. Qd6+ Kg8 29. Qc6 Rxe3 30. fxe3 Qxe3+ 31. Kh1 Qxd3 32. Re1 f5 33. Rc1
Ne2 34. Qc4+ Qxc4 35. Rxc4 b5 36. Rc5 a6 37. Rxf5 Nc3 38. Rf2 Nb1 39. Rf3 Nd2
40. Rc3 Ne4 41. Rc7 a5 42. Kg2 Kf8 43. Kf3 Nd2+ 44. Kf4 Nb1 45. a4 bxa4 46. Rc4
g5+ 47. Ke5 a3 48. Rc2 Kf7 49. Kd4 Ke6 50. Kd3 Kf5 51. Rc4 1-0

[Event "EJCOA Forest Hall IM 1st"]
[Site "Newcastle"]
[Date "2021.10.25"]
[Round "1.5"]
[White "Han, Yichen"]
[Black "Kanyamarala, Trisha"]
[Result "0-1"]
[WhiteElo "2306"]
[BlackElo "2082"]
[PlyCount "72"]
[EventDate "2021.10.25"]
[EventType "tourn"]
[EventRounds "9"]
[EventCountry "ENG"]
[SourceTitle "BritBase"]
[Source "John Saunders"]
[SourceDate "2021.10.30"]
[SourceVersion "1"]
[SourceVersionDate "2021.10.30"]
[SourceQuality "1"]

1. e4 c5 2. Nf3 d6 3. d4 cxd4 4. Nxd4 Nf6 5. Nc3 Nc6 6. h4 e5 7. Nb3 Be6 8. Bg5
Be7 9. Qd2 h6 10. Bxf6 Bxf6 11. g3 a6 12. O-O-O Be7 13. Kb1 Rc8 14. Nd5 Bxd5
15. exd5 Nb8 16. f4 Bf6 17. Bd3 Nd7 18. Qb4 Qb6 19. Qa4 Rc7 20. Rhe1 Kd8 21.
Re4 exf4 22. Rb4 Qf2 23. Qa5 Kc8 24. gxf4 Re8 25. a3 Re3 26. Rd2 Re1+ 27. Ka2
Qg1 28. Bxa6 bxa6 29. Qxa6+ Kd8 30. Qxd6 Qa7 31. Nd4 Be7 32. Nc6+ Rxc6 33. dxc6
Bxd6 34. Rxd6 Qc5 35. Rb8+ Kc7 36. Rd3 Nxb8 0-1

[Event "EJCOA Forest Hall IM 1st"]
[Site "Newcastle"]
[Date "2021.10.25"]
[Round "2.1"]
[White "Eggleston, Thomas A"]
[Black "Kanyamarala, Trisha"]
[Result "1/2-1/2"]
[WhiteElo "2175"]
[BlackElo "2082"]
[PlyCount "126"]
[EventDate "2021.10.25"]
[EventType "tourn"]
[EventRounds "9"]
[EventCountry "ENG"]
[SourceTitle "BritBase"]
[Source "John Saunders"]
[SourceDate "2021.10.30"]
[SourceVersion "1"]
[SourceVersionDate "2021.10.30"]
[SourceQuality "1"]

1. e4 c5 2. b3 g6 3. Bb2 Nf6 4. e5 Nd5 5. Nc3 Nxc3 6. Bxc3 Bg7 7. Nf3 Nc6 8.
Bb5 O-O 9. Bxc6 dxc6 10. O-O Qd5 11. h3 c4 12. Qe2 cxb3 13. axb3 b6 14. Bb2 c5
15. c4 Qd8 16. d4 cxd4 17. Nxd4 Bb7 18. f4 Qc7 19. Rae1 e6 20. Ba3 Rfd8 21. Nb5
Qc6 22. Nd6 a5 23. Rf2 Ba6 24. h4 Bf8 25. h5 a4 26. bxa4 Qxa4 27. Bb2 Qc6 28.
Ne4 Bg7 29. Nf6+ Bxf6 30. exf6 Bxc4 31. Qg4 Qc5 32. hxg6 hxg6 33. Bc1 Ra1 34.
Qh4 Rd5 35. g4 Bb5 36. Qh6 Qf8 37. Qxf8+ Kxf8 38. f5 g5 39. Rf3 Rd3 40. Rxd3
Bxd3 41. Kf2 exf5 42. Rd1 Ke8 43. Re1+ Kf8 44. gxf5 Bxf5 45. Bxg5 Ra2+ 46. Ke3
Be6 47. Rb1 Ra3+ 48. Kd4 Ra4+ 49. Kc3 Rc4+ 50. Kd2 Rd4+ 51. Ke3 Rd6 52. Ra1 Ke8
53. Bf4 Rc6 54. Ra8+ Rc8 55. Rxc8+ Bxc8 56. Be5 Kd7 57. Kd2 Ke6 58. Bc3 b5 59.
Kc1 Kd5 60. Bb2 Bf5 61. Ba1 Kc4 62. Bb2 b4 63. Ba1 Kd5 1/2-1/2

[Event "EJCOA Forest Hall IM 1st"]
[Site "Newcastle"]
[Date "2021.10.25"]
[Round "2.2"]
[White "Sedykh, Mikhail"]
[Black "Han, Yichen"]
[Result "0-1"]
[WhiteElo "2120"]
[BlackElo "2306"]
[PlyCount "82"]
[EventDate "2021.10.25"]
[EventType "tourn"]
[EventRounds "9"]
[EventCountry "ENG"]
[SourceTitle "BritBase"]
[Source "John Saunders"]
[SourceDate "2021.10.30"]
[SourceVersion "1"]
[SourceVersionDate "2021.10.30"]
[SourceQuality "1"]

1. d4 d5 2. c4 c6 3. cxd5 cxd5 4. Bf4 Nc6 5. e3 Nf6 6. Nc3 Bg4 7. Qb3 Na5 8.
Qa4+ Bd7 9. Qc2 e6 10. Nf3 Be7 11. h3 O-O 12. Bd3 Rc8 13. O-O b5 14. a3 Nc4 15.
Rfc1 h6 16. Qe2 a6 17. Ne5 Bc6 18. Bh2 Bb7 19. a4 Na5 20. Qd1 b4 21. Ne2 Nc4
22. Nxc4 dxc4 23. Rxc4 Rxc4 24. Bxc4 Qa8 25. f3 Rc8 26. Qd3 Nd5 27. Rc1 Bg5 28.
Bxd5 Bxd5 29. Rxc8+ Qxc8 30. Kf2 Bc4 31. Qc2 b3 32. Qc1 Qc6 33. Nc3 Be7 34. Be5
f6 35. Bf4 Bb4 36. Ne4 Qxa4 37. Nd6 Bd5 38. Qc8+ Kh7 39. Qc7 Qa1 40. g4 Qxb2+
41. Kg1 Bxf3 0-1

[Event "EJCOA Forest Hall IM 1st"]
[Site "Newcastle"]
[Date "2021.10.25"]
[Round "2.3"]
[White "Basman, Michael J"]
[Black "Kanyamarala, Tarun"]
[Result "0-1"]
[WhiteElo "2273"]
[BlackElo "2309"]
[PlyCount "104"]
[EventDate "2021.10.25"]
[EventType "tourn"]
[EventRounds "9"]
[EventCountry "ENG"]
[SourceTitle "BritBase"]
[Source "John Saunders"]
[SourceDate "2021.10.30"]
[SourceVersion "1"]
[SourceVersionDate "2021.10.30"]
[SourceQuality "1"]

1. b4 e5 2. a3 d5 3. e3 Nf6 4. Bb2 Bd6 5. c4 c6 6. Nf3 Qe7 7. Be2 dxc4 8. Bxc4
O-O 9. Nc3 Bf5 10. Nh4 Be6 11. Bxe6 Qxe6 12. Qc2 Rd8 13. Nf3 Qg4 14. O-O Nbd7
15. d3 a5 16. b5 Rac8 17. Qe2 Nc5 18. d4 exd4 19. Nxd4 Qxe2 20. Ncxe2 Na4 21.
Bc3 Nxc3 22. Nxc3 Be5 23. bxc6 Bxd4 24. exd4 Rxc6 25. Nb5 Nd5 26. Rab1 b6 27.
g3 f6 28. Rfe1 Kf8 29. h4 Re8 30. Rec1 Rec8 31. Re1 Rd8 32. h5 Ne7 33. Re4 f5
34. Re5 g6 35. hxg6 hxg6 36. Rbe1 Rd7 37. Kg2 Kf7 38. Rh1 Kg7 39. Rhe1 Kf6 40.
a4 Kf7 41. Rh1 Kg7 42. Rhe1 Nd5 43. Re8 Rc4 44. Ra1 Rc2 45. Rb8 Re7 46. Rd8
Ne3+ 47. Kf3 Ng4 48. Kf4 Rxf2+ 49. Kg5 Nf6 50. Rh1 Re4 51. Rh4 Rg4+ 52. Rxg4
Nh7+ 0-1

[Event "EJCOA Forest Hall IM 1st"]
[Site "Newcastle"]
[Date "2021.10.25"]
[Round "2.4"]
[White "McKay, Roderick M"]
[Black "Fitzsimons, David"]
[Result "0-1"]
[WhiteElo "2243"]
[BlackElo "2334"]
[PlyCount "80"]
[EventDate "2021.10.25"]
[EventType "tourn"]
[EventRounds "9"]
[EventCountry "ENG"]
[SourceTitle "BritBase"]
[Source "John Saunders"]
[SourceDate "2021.10.30"]
[SourceVersion "1"]
[SourceVersionDate "2021.10.30"]
[SourceQuality "1"]

1. d4 Nf6 2. Nf3 e6 3. a3 c5 4. e3 d5 5. c4 dxc4 6. Bxc4 a6 7. O-O b5 8. Ba2
Bb7 9. Nc3 Nbd7 10. Qe2 Qc7 11. Rd1 Bd6 12. h3 O-O 13. Bd2 Rac8 14. Rac1 Qb8
15. e4 cxd4 16. Nxd4 Nc5 17. Bb1 Bh2+ 18. Kh1 Be5 19. Be3 Ncxe4 20. Nxe4 Nxe4
21. Nf3 Bf6 22. Rxc8 Rxc8 23. Bc1 Nc5 24. Ng5 g6 25. Qg4 Rd8 26. Re1 Rd4 27.
Qe2 Qd6 28. Nf3 Nd3 29. Nxd4 Nxe1 30. Qxe1 Qxd4 31. f3 Kg7 32. Bc2 Bd5 33. b4
h5 34. a4 h4 35. axb5 axb5 36. Bd2 Bc4 37. Qe3 Qb2 38. Be4 Qa1+ 39. Kh2 g5 40.
Bc6 Be5+ 0-1

[Event "EJCOA Forest Hall IM 1st"]
[Site "Newcastle"]
[Date "2021.10.25"]
[Round "2.5"]
[White "Willow, Jonah B"]
[Black "Jones, Steven A"]
[Result "1/2-1/2"]
[WhiteElo "2353"]
[BlackElo "2231"]
[PlyCount "63"]
[EventDate "2021.10.25"]
[EventType "tourn"]
[EventRounds "9"]
[EventCountry "ENG"]
[SourceTitle "BritBase"]
[Source "John Saunders"]
[SourceDate "2021.10.30"]
[SourceVersion "1"]
[SourceVersionDate "2021.10.30"]
[SourceQuality "1"]

1. e4 c5 2. Nf3 d6 3. d4 Nf6 4. Nc3 cxd4 5. Nxd4 a6 6. Be2 e5 7. Nf3 Be7 8. Bg5
Be6 9. Bxf6 Bxf6 10. Nd2 Qc7 11. O-O O-O 12. Re1 Rd8 13. Nf1 Bg5 14. Bd3 Nd7
15. a4 Nf6 16. Ra3 g6 17. Ne3 Bxe3 18. Rxe3 d5 19. exd5 Nxd5 20. Nxd5 Bxd5 21.
Qe2 Re8 22. h4 Rad8 23. Rc3 Qd6 24. h5 Re6 25. Qg4 e4 26. Bf1 f5 27. Qh4 Qe7
28. Qf4 Qd6 29. Qg5 Qe7 30. Qf4 Qd6 31. Qh4 Qe7 32. Qf4 1/2-1/2

[Event "EJCOA Forest Hall IM 1st"]
[Site "Newcastle"]
[Date "2021.10.26"]
[Round "3.1"]
[White "Jones, Steven A"]
[Black "Eggleston, Thomas A"]
[Result "0-1"]
[WhiteElo "2231"]
[BlackElo "2175"]
[PlyCount "158"]
[EventDate "2021.10.25"]
[EventType "tourn"]
[EventRounds "9"]
[EventCountry "ENG"]
[SourceTitle "BritBase"]
[Source "John Saunders"]
[SourceDate "2021.10.30"]
[SourceVersion "1"]
[SourceVersionDate "2021.10.30"]
[SourceQuality "1"]

1. e4 e6 2. d4 d5 3. Nc3 Nf6 4. e5 Nfd7 5. f4 c5 6. Nf3 Nc6 7. Be3 Be7 8. Qd2
O-O 9. dxc5 Qa5 10. O-O-O Nxc5 11. Kb1 Kh8 12. g4 Na4 13. Nxa4 Qxa4 14. g5 b6
15. Rg1 Ba6 16. Bxa6 Qxa6 17. Rg3 Rac8 18. Nd4 g6 19. h4 Rg8 20. h5 Nxd4 21.
Bxd4 Bc5 22. Rh1 Bxd4 23. Qxd4 Qc4 24. Qxc4 Rxc4 25. Rh4 Kg7 26. b3 Rc5 27. Kb2
Rgc8 28. Rh2 gxh5 29. Rgh3 Kg6 30. c3 R8c7 31. Rxh5 Rxc3 32. Rh6+ Kf5 33. Rf6+
Ke4 34. Rxh7 Rc2+ 35. Ka3 d4 36. Rfxf7 Rxf7 37. Rxf7 d3 38. Rd7 Ke3 39. g6 d2
40. f5 exf5 41. e6 Rc8 42. Rd5 Ke2 43. Re5+ Kf3 44. Rxf5+ Ke4 45. Rf1 Ke3 46.
g7 Ke2 47. Rf8 d1=Q 48. Rxc8 Qd6+ 49. Ka4 b5+ 50. Ka5 Qb6+ 51. Kb4 a5+ 52. Kc3
Qe3+ 53. Kc2 Qe4+ 54. Kc1 Qf4+ 55. Kb1 Qe4+ 56. Kc1 Qf4+ 57. Kb1 Qf1+ 58. Kb2
Qf6+ 59. Kc2 Qxg7 60. Rc5 Qg6+ 61. Kb2 Qf6+ 62. Ka3 Qe7 63. b4 Qxe6 64. bxa5
Kd3 65. Kb4 Qxa2 66. Kxb5 Qb3+ 67. Kc6 Kd4 68. Rc1 Qe6+ 69. Kb7 Qb3+ 70. Kc6
Qa4+ 71. Kb6 Qb4+ 72. Ka6 Kd5 73. Rc8 Kd6 74. Rb8 Qc4+ 75. Ka7 Qc5+ 76. Ka6
Qc4+ 77. Ka7 Qa4 78. Kb6 Qd7 79. a6 Qc7+ 0-1

[Event "EJCOA Forest Hall IM 1st"]
[Site "Newcastle"]
[Date "2021.10.26"]
[Round "3.2"]
[White "Fitzsimons, David"]
[Black "Willow, Jonah B"]
[Result "1/2-1/2"]
[WhiteElo "2334"]
[BlackElo "2353"]
[PlyCount "82"]
[EventDate "2021.10.25"]
[EventType "tourn"]
[EventRounds "9"]
[EventCountry "ENG"]
[SourceTitle "BritBase"]
[Source "John Saunders"]
[SourceDate "2021.10.30"]
[SourceVersion "1"]
[SourceVersionDate "2021.10.30"]
[SourceQuality "1"]

1. d4 Nf6 2. Nf3 e6 3. g3 c5 4. Bg2 Nc6 5. O-O d5 6. c4 dxc4 7. dxc5 Qxd1 8.
Rxd1 Bxc5 9. Nbd2 c3 10. bxc3 O-O 11. Nb3 Bb6 12. c4 e5 13. Bb2 Re8 14. e3 Bf5
15. Nfd2 Bg4 16. Rdc1 Rad8 17. c5 Bc7 18. Nc4 Be2 19. Ba3 e4 20. Nd6 Bxd6 21.
cxd6 Ne5 22. Na5 b6 23. Nc6 Nxc6 24. Rxc6 Nd5 25. Bh3 Bb5 26. Rc2 Bd7 27. Bg2
a5 28. Rac1 b5 29. Rd1 Nb6 30. Rc7 b4 31. Bc1 Na4 32. Rd5 Be6 33. Rxa5 Rxd6 34.
Bxe4 Nc3 35. Bf3 Red8 36. Kg2 Nxa2 37. Bb2 b3 38. Rb5 Rd2 39. Ba3 Rc2 40. Rcb7
Rcd2 41. Re5 Rc2 1/2-1/2

[Event "EJCOA Forest Hall IM 1st"]
[Site "Newcastle"]
[Date "2021.10.26"]
[Round "3.3"]
[White "Kanyamarala, Tarun"]
[Black "McKay, Roderick M"]
[Result "1-0"]
[WhiteElo "2309"]
[BlackElo "2243"]
[PlyCount "57"]
[EventDate "2021.10.25"]
[EventType "tourn"]
[EventRounds "9"]
[EventCountry "ENG"]
[SourceTitle "BritBase"]
[Source "John Saunders"]
[SourceDate "2021.10.30"]
[SourceVersion "1"]
[SourceVersionDate "2021.10.30"]
[SourceQuality "1"]

1. d4 d6 2. c4 f5 3. Nc3 Nf6 4. Bg5 c6 5. Bxf6 exf6 6. Nf3 g6 7. e3 Bh6 8. g3
Nd7 9. h4 Qe7 10. Be2 a6 11. a3 Kf8 12. Qc2 b5 13. d5 c5 14. cxb5 axb5 15. Nxb5
Ne5 16. Nd2 Kg7 17. Nc4 Nxc4 18. Bxc4 Bd7 19. O-O g5 20. hxg5 Bxg5 21. f4 Bh6
22. Kf2 Kf8 23. Rh1 Bg7 24. Nc3 Rb8 25. Rab1 Qf7 26. Bd3 Qg6 27. g4 h5 28. Bxf5
Bxf5 29. gxf5 1-0

[Event "EJCOA Forest Hall IM 1st"]
[Site "Newcastle"]
[Date "2021.10.26"]
[Round "3.4"]
[White "Han, Yichen"]
[Black "Basman, Michael J"]
[Result "1/2-1/2"]
[WhiteElo "2306"]
[BlackElo "2273"]
[PlyCount "127"]
[EventDate "2021.10.25"]
[EventType "tourn"]
[EventRounds "9"]
[EventCountry "ENG"]
[SourceTitle "BritBase"]
[Source "John Saunders"]
[SourceDate "2021.10.30"]
[SourceVersion "1"]
[SourceVersionDate "2021.10.30"]
[SourceQuality "1"]

1. e4 g5 2. d4 Bg7 3. Nc3 c5 4. dxc5 Bxc3+ 5. bxc3 Qa5 6. Qd4 Nf6 7. Qb4 Qc7 8.
Bxg5 Nc6 9. Qc4 Qe5 10. Bxf6 Qxf6 11. Nf3 b5 12. Qd3 Rg8 13. O-O-O Rb8 14. e5
Qf4+ 15. Kb1 b4 16. c4 Nxe5 17. Qxh7 Rf8 18. Qh4 Qxh4 19. Nxh4 Ba6 20. Nf5 e6
21. Nd6+ Ke7 22. Be2 f5 23. f4 Nf7 24. Bf3 Nxd6 25. cxd6+ Kf6 26. c5 Bb5 27.
Rd4 a5 28. Re1 Rbc8 29. Re5 Bc6 30. Bxc6 Rxc6 31. Rd3 Rh8 32. h3 Rhc8 33. c3
Rxc5 34. Rxc5 Rxc5 35. cxb4 axb4 36. Rd4 e5 37. fxe5+ Kxe5 38. Rxb4 Kxd6 39. a4
Rc3 40. a5 Ra3 41. Rb5 f4 42. Rf5 Ra4 43. Kb2 Ke6 44. Kb3 Ra1 45. Rg5 d5 46.
Kb4 Kd6 47. Rg6+ Ke5 48. a6 d4 49. Rg5+ Ke4 50. Ra5 Rb1+ 51. Kc4 Rb8 52. a7 Ra8
53. h4 d3 54. Kc3 Ke3 55. Re5+ Kf2 56. Re7 Kxg2 57. Kxd3 f3 58. Ke3 f2 59. Rg7+
Kf1 60. Rb7 Kg1 61. Rg7+ Kf1 62. Rb7 Kg1 63. Rg7+ Kf1 64. Rb7 1/2-1/2

[Event "EJCOA Forest Hall IM 1st"]
[Site "Newcastle"]
[Date "2021.10.26"]
[Round "3.5"]
[White "Kanyamarala, Trisha"]
[Black "Sedykh, Mikhail"]
[Result "1/2-1/2"]
[WhiteElo "2082"]
[BlackElo "2120"]
[PlyCount "82"]
[EventDate "2021.10.25"]
[EventType "tourn"]
[EventRounds "9"]
[EventCountry "ENG"]
[SourceTitle "BritBase"]
[Source "John Saunders"]
[SourceDate "2021.10.30"]
[SourceVersion "1"]
[SourceVersionDate "2021.10.30"]
[SourceQuality "1"]

1. d4 d5 2. c4 e6 3. Nc3 Nf6 4. Bg5 Be7 5. Nf3 O-O 6. e3 h6 7. Bh4 b6 8. cxd5
Nxd5 9. Bg3 Bb7 10. Bd3 c5 11. Nxd5 Qxd5 12. e4 Qd8 13. dxc5 bxc5 14. O-O Nc6
15. Re1 Qb6 16. Ne5 Nxe5 17. Bxe5 Rfd8 18. Qf3 Rac8 19. Qg3 f6 20. Bc3 c4 21.
Bc2 Bc5 22. Rad1 e5 23. Rf1 Bd4 24. Rb1 Kh7 25. Qg4 Bc6 26. Qf5+ Kh8 27. Kh1
Bd7 28. Qf3 Be6 29. Qg3 Qc6 30. f4 Bxc3 31. bxc3 Rd2 32. Rb2 Qc7 33. f5 Bf7 34.
Rfb1 Rcd8 35. h3 Qc5 36. Rb7 R8d7 37. Rxd7 Rxd7 38. Qe1 Qa5 39. a4 Qd8 40. Qe3
Qc7 41. Kh2 Kh7 1/2-1/2

[Event "EJCOA Forest Hall IM 1st"]
[Site "Newcastle"]
[Date "2021.10.26"]
[Round "4.1"]
[White "Eggleston, Thomas A"]
[Black "Sedykh, Mikhail"]
[Result "1-0"]
[WhiteElo "2175"]
[BlackElo "2120"]
[PlyCount "63"]
[EventDate "2021.10.25"]
[EventType "tourn"]
[EventRounds "9"]
[EventCountry "ENG"]
[SourceTitle "BritBase"]
[Source "John Saunders"]
[SourceDate "2021.10.30"]
[SourceVersion "1"]
[SourceVersionDate "2021.10.30"]
[SourceQuality "1"]

1. e4 e6 2. d4 d5 3. e5 c5 4. c3 Qb6 5. Nf3 Bd7 6. Bd3 Bb5 7. dxc5 Bxc5 8. O-O
Bxd3 9. Qxd3 Nc6 10. b4 Be7 11. Re1 h5 12. a4 Nh6 13. a5 Qc7 14. a6 b6 15. Bxh6
Rxh6 16. Na3 Rd8 17. Nb5 Qd7 18. Nfd4 Nb8 19. Nxa7 Kf8 20. Nab5 Nc6 21. Nxc6
Qxc6 22. Nd4 Qc7 23. f4 g5 24. f5 exf5 25. Nxf5 Re6 26. Nd4 Rh6 27. Ra2 Kg8 28.
e6 f6 29. Nf5 Rh8 30. Nxe7+ Qxe7 31. Qg6+ Qg7 32. e7 1-0

[Event "EJCOA Forest Hall IM 1st"]
[Site "Newcastle"]
[Date "2021.10.26"]
[Round "4.2"]
[White "Basman, Michael J"]
[Black "Kanyamarala, Trisha"]
[Result "0-1"]
[WhiteElo "2273"]
[BlackElo "2082"]
[PlyCount "128"]
[EventDate "2021.10.25"]
[EventType "tourn"]
[EventRounds "9"]
[EventCountry "ENG"]
[SourceTitle "BritBase"]
[Source "John Saunders"]
[SourceDate "2021.10.30"]
[SourceVersion "1"]
[SourceVersionDate "2021.10.30"]
[SourceQuality "1"]

1. g4 d5 2. Bg2 c6 3. h3 e5 4. d4 e4 5. c4 Bd6 6. Nc3 Ne7 7. Bg5 f6 8. Bd2 O-O
9. Qb3 Kh8 10. O-O-O a5 11. f3 a4 12. Qc2 f5 13. c5 Bc7 14. Bg5 a3 15. b3 Qe8
16. Rf1 Na6 17. Kb1 Bd7 18. Na4 Be6 19. Bd2 e3 20. Bc3 f4 21. h4 Bf7 22. Ka1
Nc8 23. h5 Bd8 24. Nh3 Be6 25. Qc1 Qe7 26. Qxa3 b5 27. Nb2 Qb7 28. Nd3 b4 29.
Bxb4 Nxb4 30. Qxb4 Qa6 31. a4 Ba5 32. Qa3 Bc3+ 33. Ka2 Bxd4 34. Nhxf4 Bd7 35.
Qc1 Kg8 36. Qc2 Ne7 37. Bh3 Rfb8 38. Nc1 Qa5 39. Rd1 Bxc5 40. Nfd3 Bd6 41. g5
Bxh3 42. Rxh3 Nf5 43. Nb2 Ne7 44. h6 g6 45. Nc4 dxc4 46. Qxc4+ Nd5 47. Nd3 Qc3
48. Rc1 Qxc4 49. Rxc4 Nb4+ 50. Nxb4 Bxb4 51. Rhh4 c5 52. Rhe4 Re8 53. Kb1 Rad8
54. Rxe8+ Rxe8 55. a5 Ra8 56. Re4 Bd2 57. Re7 Rxa5 58. Rg7+ Kf8 59. Rxh7 Bc3
60. Kc2 Bd4 61. Kd3 Ra2 62. Rb7 Rd2+ 63. Ke4 Rxe2 64. Kd5 Ra2 0-1

[Event "EJCOA Forest Hall IM 1st"]
[Site "Newcastle"]
[Date "2021.10.26"]
[Round "4.3"]
[White "McKay, Roderick M"]
[Black "Han, Yichen"]
[Result "0-1"]
[WhiteElo "2243"]
[BlackElo "2306"]
[PlyCount "62"]
[EventDate "2021.10.25"]
[EventType "tourn"]
[EventRounds "9"]
[EventCountry "ENG"]
[SourceTitle "BritBase"]
[Source "John Saunders"]
[SourceDate "2021.10.30"]
[SourceVersion "1"]
[SourceVersionDate "2021.10.30"]
[SourceQuality "1"]

1. d4 d5 2. c4 c6 3. Nf3 Nf6 4. Nc3 e6 5. e3 Nbd7 6. Qc2 Bd6 7. Rg1 e5 8. cxd5
cxd5 9. g4 e4 10. Nd2 Nb6 11. h3 O-O 12. Nb3 a5 13. Bd2 Bd7 14. Nc5 Bc6 15. Nb5
Be7 16. b3 Nbd7 17. Nxd7 Qxd7 18. a4 Rfc8 19. Qd1 Ne8 20. g5 Nd6 21. Nc3 b5 22.
axb5 Nxb5 23. Na4 Qa7 24. h4 Bd7 25. h5 Na3 26. Nc3 Bb4 27. Rc1 Qc7 28. Rg3 a4
29. g6 Qa5 30. Bh3 Bxh3 31. Rxh3 Bxc3 0-1

[Event "EJCOA Forest Hall IM 1st"]
[Site "Newcastle"]
[Date "2021.10.26"]
[Round "4.4"]
[White "Willow, Jonah B"]
[Black "Kanyamarala, Tarun"]
[Result "1/2-1/2"]
[WhiteElo "2353"]
[BlackElo "2309"]
[PlyCount "117"]
[EventDate "2021.10.25"]
[EventType "tourn"]
[EventRounds "9"]
[EventCountry "ENG"]
[SourceTitle "BritBase"]
[Source "John Saunders"]
[SourceDate "2021.10.30"]
[SourceVersion "1"]
[SourceVersionDate "2021.10.30"]
[SourceQuality "1"]

1. e4 c5 2. Nf3 Nc6 3. Nc3 d6 4. d4 cxd4 5. Nxd4 Nf6 6. g3 g6 7. Nde2 Bg7 8.
Bg2 O-O 9. O-O Rb8 10. a4 b6 11. Nd5 Nd7 12. c3 Ba6 13. f4 Rc8 14. Re1 Na5 15.
Nd4 Bb7 16. h4 e6 17. Ne3 Nf6 18. Nf1 a6 19. Nd2 e5 20. N4b3 Nxb3 21. Qxb3 Nh5
22. Nf1 exf4 23. Bxf4 Nxf4 24. gxf4 Rc5 25. Nh2 Bh6 26. Rf1 b5 27. Ng4 Bg7 28.
Qd1 Qxh4 29. f5 h5 30. Qxd6 Rc6 31. Qd7 hxg4 32. Qxb7 Be5 33. Rfd1 Qh2+ 34. Kf1
Qf4+ 35. Ke2 Rf6 36. Qa7 gxf5 37. exf5 Re8 38. Qe3 Qxf5 39. Rd2 Kf8 40. Rd5
Qc2+ 41. Rd2 Qg6 42. Kd1 Qh5 43. Qc5+ Kg7 44. axb5 g3+ 45. Kc2 Qf5+ 46. Kb3 Rb8
47. c4 axb5 48. cxb5 Qe6+ 49. Kc2 Rc8 50. Bc6 Rf4 51. Qd5 Qf5+ 52. Kb3 Qf6 53.
Re1 Bb8 54. Re4 Rxe4 55. Qxe4 Rh8 56. Qg4+ Qg6 57. Qd4+ Qf6 58. Qg4+ Qg6 59.
Qd4+ 1/2-1/2